| 000 | 00000nam 2200000zi 4500 |
| 001 | 9.869159 |
| 003 | CaOODSP |
| 005 | 20221107162801 |
| 006 | m o d f |
| 007 | cr ||||||||||| |
| 008 | 190301t20192019oncbdo o f000 0 fre d |
| 020 | |a9780660298436 |
| 040 | |aCaOODSP|bfre|erda|cCaOODSP |
| 043 | |an-cn--- |
| 086 | 1 |aFA1-26/2019-1-1F-PDF |
| 110 | 1 |aCanada. |bBureau du vérificateur général. |
| 245 | 14|aLes espèces aquatiques envahissantes. |
| 264 | 1|a[Ottawa] : |bBureau du vérificateur général du Canada = Office of the Auditor General of Canada, |c2019. |
| 264 | 4|c©2019 |
| 300 | |a1 ressource en ligne (iii, 36 pages) : |bcartes, graphiques, photographies. |
| 336 | |atexte|btxt|2rdacontent/fre |
| 337 | |ainformatique|bc|2rdamedia/fre |
| 338 | |aressource en ligne|bcr|2rdacarrier/fre |
| 490 | 1 |aRapports de la commissaire à l'environnement et au développement durable au Parlement du Canada,|x2561-1828 ; |vPrintemps 2019, rapport 1 |
| 500 | |aPublié aussi en format HTML. |
| 500 | |aPublié aussi en anglais sous le titre : Aquatic invasive species. |
| 520 | |a« L’audit visait à déterminer si Pêches et Océans Canada et l’Agence des services frontaliers du Canada avaient pris des mesures adéquates pour prévenir l’établissement d’espèces aquatiques envahissantes dans les eaux canadiennes. Nous avons examiné les activités menées par ces deux organisations pour prévenir l’introduction d’espèces envahissantes, détecter les invasions et prendre des mesures d’intervention, et empêcher la propagation des espèces aquatiques envahissantes » -- Objet de l'audit, page 5. |
| 530 | |aÉgalement publié en version imprimée. |
| 692 | 07|2gccst|aFaune aquatique |
| 692 | 07|2gccst|aEspèce envahissante |
| 692 | 07|2gccst|aVérification |
| 710 | 1 |aCanada. |bCommissaire à l'environnement et au développement durable. |
| 775 | 08|tAquatic invasive species.|w(CaOODSP)9.869137 |
| 776 | 0#|tLes espèces aquatiques envahissantes.|w(CaOODSP)9.869170 |
| 830 | #0|aRapports de la commissaire à l'environnement et au développement durable au Parlement du Canada,|x2561-1828 ; |vPrintemps 2019, rapport 1.|w(CaOODSP)9.842752 |
| 856 | 40|qPDF|s1.08 Mo|uhttps://publications.gc.ca/collections/collection_2019/bvg-oag/FA1-26-2019-1-1-fra.pdf |
| 856 | 4 |qHTML|sS.O.|uhttps://www.oag-bvg.gc.ca/internet/Francais/parl_cesd_201904_01_f_43307.html |